Espiritualidad barroca, política eclesiástica y renovación filosófica (Record no. 202)
[ view plain ]
| 000 -CABECERA | |
|---|---|
| campo de control de longitud fija | 00918nam a2200241 a 4500 |
| 001 - NÚMERO DE CONTROL | |
| campo de control | BRCA_246 |
| 005 - FECHA Y HORA DE LA ÚLTIMA TRANSACCIÓN | |
| campo de control | 20190320202932.0 |
| 008 - DATOS DE LONGITUD FIJA--INFORMACIÓN GENERAL | |
| campo de control de longitud fija | 041005s1993----mx-#---###---#000-0#spa-# |
| 041 ## - CÓDIGO DE LENGUA | |
| Código de lengua del texto/banda sonora o título independiente | spa |
| 044 ## - CÓDIGO DEL PAÍS DE LA ENTIDAD EDITORA/PRODUCTORA | |
| Código MARC del país | mx |
| 050 #4 - SIGNATURA TOPOGRÁFICA DE LA BIBLIOTECA DEL CONGRESO | |
| Número de clasificación | B1017 |
| Número de documento/Ítem | .B73 1993 |
| 100 1# - ENTRADA PRINCIPAL--NOMBRE DE PERSONA | |
| Nombre de persona | Brading, David A. |
| 9 (RLIN) | 853 |
| 245 10 - MENCIÓN DE TÍTULO | |
| Título | Espiritualidad barroca, política eclesiástica y renovación filosófica |
| Resto del título | Juan Benito Díaz de Gamarra (1745-1783) |
| Mención de responsabilidad, etc. | David A. Brading ; advertencia Manuel Ramos Medina. |
| 260 ## - PUBLICACIÓN, DISTRIBUCIÓN, ETC. | |
| Lugar de publicación, distribución, etc. | México |
| Nombre del editor, distribuidor, etc. | Centro de Estudios de Historia de México Condumex |
| Fecha de publicación, distribución, etc. | c1993 |
| 300 ## - DESCRIPCIÓN FÍSICA | |
| Extensión | 42 p. |
| Dimensiones | 21 cm. |
| 500 ## - NOTA GENERAL | |
| Nota general | Incluye referencias bibliograficas |
| 500 ## - NOTA GENERAL | |
| Nota general | Incluye índice onomástico |
| 610 24 - PUNTO DE ACCESO ADICIONAL DE MATERIA--NOMBRE DE ENTIDAD CORPORATIVA | |
| Nombre de entidad corporativa o nombre de jurisdicción como elemento de entrada | Díaz de Gamarra, Juan Benito, 1745-1783. |
| 9 (RLIN) | 854 |
| 650 14 - PUNTO DE ACCESO ADICIONAL DE MATERIA--TÉRMINO DE MATERIA | |
| Término de materia o nombre geográfico como elemento de entrada | Sacerdotes mexicanos |
| Término indicativo de función/relación | Ilustracion en México |
| Subdivisión cronológica | Siglo VXIII |
| 9 (RLIN) | 855 |
| 650 14 - PUNTO DE ACCESO ADICIONAL DE MATERIA--TÉRMINO DE MATERIA | |
| Término de materia o nombre geográfico como elemento de entrada | Filosofía |
| Subdivisión cronológica | Siglo XVII |
| Subdivisión geográfica | México |
| 9 (RLIN) | 856 |
| 700 1# - PUNTO DE ACCESO ADICIONAL--NOMBRE DE PERSONA | |
| Nombre de persona | Ramos Medina, Manuel |
| 9 (RLIN) | 857 |
| 942 ## - ELEMENTOS DE PUNTO DE ACCESO ADICIONAL (KOHA) | |
| Fuente del sistema de clasificación o colocación | Library of Congress Classification |
| Tipo de ítem Koha | Libros |
| Estado de retiro | Estado de pérdida | Estado dañado | No para préstamo | Localización permanente | Ubicación/localización actual | Fecha de adquisición | Total de préstamos | Signatura topográfica completa | Código de barras | Fecha visto por última vez | Precio válido a partir de | Tipo de ítem Koha |
|---|---|---|---|---|---|---|---|---|---|---|---|---|
| El ejemplar forma parte de la colección y puede ser consultado según las políticas vigentes. | Biblioteca del Museo Franz Mayer (Rogerio Casas-Alatriste) | Biblioteca del Museo Franz Mayer (Rogerio Casas-Alatriste) | 25/06/2008 | B1017 .B73 1993 | 00309 | 22/03/2019 | 22/03/2019 | Libros |